000 00312nam a2200121Ia 4500
008 240731s9999 xx 000 0 und d
022 _a1465-3443
245 0 _aFood and Agricultural Immunology
260 _bTaylor & Francis
856 _uhttps://www.tandfonline.com/loi/cfai20
942 _2ddc
942 _cTFEJ
999 _c76647
_d76647
945 _a1
_bMadushi Gamage
_c1
_dMadushi Gamage